[Event "Berlin Lichtenberger Sommer 3th"]
[Site "Berlin"]
[Date "2004.08.16"]
[Round "3.82"]
[White "Willingstorfer, Jonas"]
[Black "Kiessling, Beate"]
[Result "0-1"]
[WhiteElo "1049"]
[BlackElo "1579"]
[PlyCount "36"]
[EventDate "2004.08.14"]
[EventType "swiss"]
[EventRounds "9"]
[EventCountry "GER"]
[SourceTitle "EXT 2022"]
[Source "ChessBase"]
[SourceDate "2021.10.06"]
[SourceVersion "1"]
[SourceVersionDate "2021.10.06"]
[SourceQuality "1"]

1. e4 c6 2. f4 d5 3. exd5 cxd5 4. d4 Nf6 5. Nc3 Bg4 6. Be2 Bxe2 7. Ngxe2 e6 8. Ng3 Bd6 9. Qd3 a6 10. f5 0-0 11. Bg5 h6 12. Bh4 Re8 13. 0-0-0 Nc6 14. a3 b5 15. Nh5 Be7 16. Qg3 Nxh5 17. Qg4 Bxh4 18. g3 Qg5+ 0-1

[Event "Unterfranken-ch HT 55th"]
[Site "Bad Koenigshofen"]
[Date "2004.04.14"]
[Round "4"]
[White "Willingstorfer, Jonas"]
[Black "Loeser, Tobias"]
[Result "0-1"]
[WhiteElo "1046"]
[BlackElo "1292"]
[PlyCount "52"]
[EventDate "2004.04.12"]
[EventType "swiss"]
[EventRounds "9"]
[EventCountry "GER"]
[SourceTitle "EXT 2015"]
[Source "ChessBase"]
[SourceDate "2014.11.20"]
[SourceVersion "1"]
[SourceVersionDate "2014.11.20"]
[SourceQuality "1"]

1. e4 d5 2. exd5 Qxd5 3. Nc3 Qa5 4. Nf3 Bf5 5. a3 c6 6. b4 Qc7 7. d3 Nf6 8. b5 e6 9. Bg5 Nbd7 10. d4 Be7 11. Bd3 Bxd3 12. Qxd3 0-0 13. 0-0 Rac8 14. Qe3 h6 15. Bf4 Bd6 16. Ne5 Ng4 17. Qe4 Ngxe5 18. Bxe5 Bxe5 19. dxe5 Qxe5 20. Qe3 Qxe3 21. fxe3 cxb5 22. Nxb5 a6 23. Nd6 Rxc2 24. Nxb7 Rb8 25. Nd6 Nf6 26. e4 Rbb2 0-1